| 000 | 00544nam a22001937a 4500 | ||
|---|---|---|---|
| 003 | LK-CoDNM | ||
| 005 | 20250123103504.0 | ||
| 008 | 250123b |||||||| |||| 00| 0 eng d | ||
| 040 |
_aLK-CoDNM _dLK-CoDNM _eLK-CoDNM |
||
| 041 | _aeng | ||
| 080 |
_a13 _bB15 |
||
| 100 | _aM.A., Sc.D, F.R.S. ASSHETON, RICHARD | ||
| 245 |
_aGrowth in Length _bEmbryological essay |
||
| 260 |
_aLondon _bCambridge at the university press _c1916 |
||
| 300 | _ax, 104. : ill , 21 cm | ||
| 650 | _aAnimals | ||
| 650 | _aAnamniate Vertebrates | ||
| 942 | _cBK | ||
| 999 |
_c237281 _d237281 |
||